000 02348nam a2200421 c 4500
999 _c138126
_d138126
003 BLK
005 20220714115809.0
008 180409b bul|||||r ||||||| ||bul||
010 _aKNG00144107000
040 _aBLK
041 _aBUL
_cBUL
072 7 _2bullib
_aН6201
_xМениджмънт Н
080 _aМетоди на управление. Мениджмънт. Анализи, планиране, ръководство, сътрудничество, контрол, коопериране и др.
_b005.5
_z005.5
080 _b316.45/.47
_z316.45/.47
080 _aРаботен процес - Организация, изпълнение на работния процес. Индивидуална и групова работа. Организация на работното място. Механизация и автоматизация на труда
_b331.103.2
_z331.103.2
100 1 _aЕмилова, Ирена
_eпърви автор
_gЛюбенова, Ирена Емилова
_9379119
139 _aЕмилова, Ирена
_bЕ 60
245 1 0 _aВъзможности за управление на организационната култура
_cИрена Емилова; * Ирена Емилова Любенова.
257 _aBGR
260 _bСтоп. акад. Д. А. Ценов
_c2011
300 _a169 с.
_c24 см
380 _a0
490 1 _aБиблиотека Стопански свят
_vбр. 115
500 _aДоп. тир. 2012. - Пълно име на авт. - Ирена Емилова Любенова. - Името на ред. отбелязано на гърба на загл. с. - Библиогр. с. 146-150. - Рез. на англ. ез.
650 4 _aОрганизационна култура
_9291604
650 4 _aУправление и организация
_9265069
650 4 _aОрганизационно поведение
_9267078
653 _aорганизационна култура
653 _aмениджмънт
653 _aорганизационно поведение
659 _aН
700 1 _aЛюбенова, Ирена Емилова
_e*
_9326009
852 _aЦб 259987
856 4 _qpdf
856 4 _qpdf
942 _cKNG
_n0
_s1
_01
944 _aCR
_c18.06.2013
_lф /
_kПенка_Димитрова
944 _aED
_c18.10.2013
_lф /
999 _d138126